[Event "RUS-chT 14th"]
[Site "Sochi"]
[Date "2007.05.05"]
[Round "4"]
[White "Karjakin, Sergey"]
[Black "Yakovich, Yuri"]
[Result "0-1"]
[WhiteElo "2686"]
[BlackElo "2600"]
[Annotator "Rogozenco,D"]
[PlyCount "150"]
[EventDate "2007.05.02"]
[EventType "team-tourn"]
[EventRounds "9"]
[EventCountry "RUS"]
[SourceTitle "EXT 2020"]
[Source "ChessBase"]
[SourceDate "2019.10.17"]
[SourceVersion "1"]
[SourceVersionDate "2019.10.17"]
[SourceQuality "1"]
[WhiteTeam "Tomsk 400"]
[BlackTeam "Nizhny Tagil Politekhnik"]
[WhiteTeamCountry "RUS"]
[BlackTeamCountry "RUS"]

1. e4 c5 2. Nf3 Nc6 3. d4 cxd4 4. Nxd4 Nf6 5. Nc3 e5 6. Ndb5 d6 7. Bg5 a6 8.
Na3 b5 9. Nd5 Be7 10. Bxf6 Bxf6 11. c3 O-O 12. Nc2 Rb8 13. h4 Be7 14. Nce3 Be6
15. Qf3 Qd7 16. Rd1 Bd8 17. Be2 {This is White's latest trend against the 13...
Be7 variation. In case of 13.Bd3 followed by Bc2 Black can achieve counterplay
thanks to the quick ...b4.} (17. Bd3 Ne7 18. Bc2 b4 $1 19. Nxb4 (19. cxb4 Bxd5
(19... Bb6 $44) 20. Nxd5 Nxd5 21. Rxd5 Rxb4 22. Bb3 (22. Qd3 Rxb2 23. Bb3 Qc6
24. O-O Bxh4 25. g3 (25. Rxd6 $2 Bxf2+ 26. Rxf2 $2 Qc5 $19) 25... Be7 $11) (22.
b3 Bb6 $11) 22... a5 $11) 19... a5 20. Nd3 (20. Nbd5 Bxd5 21. Nxd5 Nxd5 22.
Rxd5 Rxb2 $17 {0-1 Muhren,B (2241)-Arakhamia Grant,K (2426)/Kusadasi 2006 (49)}
) 20... Qc6 21. Bb1 (21. h5 f5 22. Qh3 Bb6 $44) (21. O-O Bxa2) 21... f5 22.
exf5 e4 23. Qg4 Nxf5 $17 {1-0 Karjakin,S (2635)-Eljanov,P (2641)/Warsaw 2005 
(51)}) (17. h5 {is a bit too early, allowing the bishop to come to g5.} Kh8 (
17... h6) 18. Be2 Bg5 19. Nf5 a5 20. Qg4 h6 21. g3 b4 22. c4 $2 Nd4 $132 {
0-1 Erdogdu,M (2383)-Oleksienko,M (2530)/Lviv 2006 (97)}) 17... Ne7 18. h5 h6 (
18... Bxd5 19. Nxd5 Nxd5 20. Rxd5 $14 f5 $2 21. exf5 Rxf5 22. Rxd6 $16 {
1-0 Morawietz,D (2385)-Hoffmann,A (2424)/Germany 2006 (46)}) 19. O-O Qc8 $1
$146 {An important novelty in the most critical position of this opening
variation. Earlier it was considered that Black solves all the problems with
19...Bb6, but recently new resources for White have been found. The move made
by Yakovich is flexible: first of all Black keeps the possibility to come with
the bishop to g5. Secondly, at this moment it is important to have control
over the f5-square. And finally, Black makes available the d7-square for the
bishop, thus being ready to take with the knight on d5 and not fearing the
answer exd5.} (19... Bb6 20. Nf5 $1 {This move allows White to achieve a
favourable transformation of the pawn structure.} Nxd5 (20... Bxd5 21. Rxd5 $1
Nxd5 $2 22. Qg4 Qxf5 23. Qxf5 Nf6 24. Rd1 $18 {1-0 Korneev,O (2671)-Khairullin,
I (2544)/Sochi 2006 (48)}) 21. Rxd5 $1 Bxf5 (21... Bxd5 $2 22. Qg4) 22. exf5
Qe7 23. Bd3 Rfd8 24. Rd1 Rbc8 25. Be4 {His opponent's control over the light
squares makes Black's position highly unpleasant, 1-0 Kudrin,S (2551)-Eljanov,
P (2663)/Khanty Mansiysk 2005 (51)}) 20. Nxe7+ ({Now after} 20. Nf5 $2 {
Black simply takes the pawn:} Nxf5 21. exf5 Bxf5 22. Ne3 Be6 23. Rxd6 Bc7 24.
Rd2 f5 $17) (20. Rd3 Nxd5 21. Nxd5 (21. exd5 Bd7 $132 {[%cal Gf7f5]}) 21... Bg5
22. Rfd1 ({After} 22. Bd1 Kh8 {White cannot play} 23. Bb3 $2 {in view of} Bg4 {
(here we see that keeping good control over diagonal h3-c8 might offer Black
some additional advantages)}) 22... a5 {is about equal.}) 20... Bxe7 21. Nf5 {
This is no longer so dangerous for Black, who is not forced to take on f5 now.}
Qc7 22. Bd3 (22. a3 Rfd8 $11) 22... Bg5 23. Bc2 b4 $1 {Black has achieved good
play and White should think about how to keep the balance.} 24. Nxd6 $6 (24.
Bb3 $142 bxc3 25. Qxc3 Qxc3 26. bxc3 Bxb3 27. axb3 Rxb3 28. Rd3 $1 (28. Ra1 Ra8
) (28. Rxd6 Ra8 29. Ra1 a5 30. Ra4 Rxc3 31. Rd5 Bd8 $17) 28... Ra8 29. Ra1 a5
30. Ra4 {and the draw is most likely}) 24... Rfd8 25. Nf5 bxc3 26. bxc3 Bxa2
27. Rxd8+ Rxd8 28. Ra1 {If White wasn't going to take on a6, this move makes
little sense} Be6 $5 (28... Bc4 $15) 29. Rd1 {Leaving the a-pawn alive leads
to a difficult position.} (29. Rxa6 Rd2 {is risky for White, but was a better
try to escape:} 30. Bd3 (30. Bd1 $6 Bxf5 31. exf5 e4 32. Qg4 e3 33. fxe3 Qxc3
$36) 30... Qxc3 31. Bf1 Qxf3 (31... Qc1 32. Qa3 $1 {exchanging queens due to
the threat Ra8+ followed by Qf8.}) 32. gxf3 Rd1 33. Kg2 {and White will
probably hold it.}) 29... Rxd1+ 30. Bxd1 a5 $17 {The a-pawn secures Black a
large advantage.} 31. Qd3 Qc6 32. Ne3 Bxe3 $1 {Exchanging the right bishop for
the knight.} 33. Qxe3 Qc4 34. Qd2 Qa2 35. Qd8+ (35. Qxa2 Bxa2 {must be lost
for White, who besides fighting against the a-pawn has the second problem on
the kingside: all his pawns are blockaded on the light squares.}) 35... Kh7 36.
f4 {Desperation.} Qb1 37. Kh2 Qxe4 38. fxe5 Qxe5+ 39. Kg1 Qe1+ 40. Kh2 Qe5+ 41.
Kh1 Qxc3 {With two extra pawns the win is just a matter of time.} 42. Bf3 Qe1+
43. Kh2 Qe5+ 44. Kh1 a4 45. Qa8 Qe1+ 46. Kh2 Qh4+ 47. Kg1 Qe1+ 48. Kh2 Qe5+ 49.
Kh1 Bb3 50. Qa7 f5 51. Qb6 Bf7 52. Qa7 Qe1+ 53. Kh2 Qh4+ 54. Kg1 Qe1+ 55. Kh2
Qh4+ 56. Kg1 Bxh5 57. Bxh5 Qe1+ 58. Kh2 Qh4+ 59. Kg1 Qxh5 60. Qxa4 Qg4 61. Qd7
h5 62. Qe6 Qf4 63. Qe8 Qg4 64. Qe6 h4 65. Kh2 Qf4+ 66. Kg1 h3 67. gxh3 Qg3+ 68.
Kh1 Qxh3+ 69. Kg1 Qg4+ 70. Kf2 Qd4+ 71. Kf1 Qe4 72. Qf7 Kh6 73. Qf8 Qe5 74.
Qh8+ Kg5 75. Qh3 Qf4+ 0-1

[Event "Sanjin Hotel Cup 2nd"]
[Site "Tiayuan"]
[Date "2005.07.13"]
[Round "5"]
[White "Zhang, Pengxiang"]
[Black "Ni, Hua"]
[Result "1-0"]
[WhiteElo "2616"]
[BlackElo "2629"]
[Annotator "Rogozenco,D"]
[PlyCount "97"]
[EventDate "2005.07.09"]
[EventType "tourn"]
[EventRounds "11"]
[EventCountry "CHN"]
[EventCategory "15"]
[SourceTitle "CBM 108"]
[Source "ChessBase"]
[SourceDate "2005.09.26"]
[SourceVersion "1"]
[SourceVersionDate "2005.09.26"]
[SourceQuality "1"]

1. e4 c5 2. Nf3 Nc6 3. d4 cxd4 4. Nxd4 Nf6 5. Nc3 e5 6. Ndb5 d6 7. Bg5 a6 8.
Na3 b5 9. Nd5 Be7 10. Nxe7 Nxe7 11. Bd3 Bb7 12. Bxf6 gxf6 13. c4 Rg8 $1 (13...
bxc4 14. Nxc4 d5 15. exd5 Qxd5 16. Qa4+ Kf8 17. O-O-O $13 {/+/=}) 14. cxb5 {
The most principled continuation} (14. O-O bxc4 15. Nxc4 d5 $15) (14. Rg1 bxc4
15. Nxc4 d5 $11) 14... Rxg2 15. bxa6 Bxa6 16. Bxa6 Rxa6 17. Nc4 $146 (17. Qd3
Rc6 (17... Qb6 $1 {[%csl Rb2,Rf2]} 18. Qb5+ (18. O-O-O $2 Qxf2 $17) 18... Qxb5
19. Nxb5 Kd7 $13 {[%cal Gf6f5]}) 18. Nc4 Qc7 19. Ne3 Rg8 20. a4 Kd7 21. b4 $36
{1-0 Kharlov,A (2593)-Khairullin,I (2481)/Tomsk 2004 (43)}) 17... f5 18. exf5
Nxf5 19. Qd5 ({or} 19. Qf3 Qa8) 19... Qa8 20. Qxa8+ Rxa8 {The sharp endgame is
double-edged. Both sides have advantages and drawbacks. Black can quicker
advance the pawns in the center, on the other hand WHite's passed pawns are
potentially very dangerous too.} 21. Kf1 (21. a4 Rg4 22. b3 d5 23. Ne3 (23.
Nxe5 Re4+ $19) 23... Nxe3 24. fxe3 Rb4 25. Ra3 Rab8 26. Ke2 Rxb3 27. Rxb3 Rxb3
28. Rd1 $11 (28. Ra1 Kd7 29. a5 Rb7 30. a6 Ra7 31. Ra5 Kc6 32. Kd3 f5 33. h4 h5
34. Kc3 Kd6 $11)) 21... Rg4 22. Rg1 (22. b3 Ke7 $15) (22. Ne3 $2 Nxe3+ 23. fxe3
Rb4 24. Rg1 Ke7 25. Rg2 Rb3 $17) 22... Rxg1+ 23. Kxg1 Ra4 (23... Ke7 $5 24. a4
Ke6 25. a5 Ra6 26. b4 Nd4 $13) 24. b3 Rb4 25. Rd1 (25. Ne3 Nd4 $132 {[%cal
Gf7f5,Gf5f4]}) 25... Ke7 26. Ne3 Nxe3 27. fxe3 f5 28. Rd3 $1 (28. Rb1 d5 29. a3
Re4 30. Kf2 f4 31. exf4 Rxf4+ $17) 28... Ke6 (28... Kd7 $5 29. a3 Rb8 30. b4
Kc6 $11) 29. a3 Rb7 30. b4 e4 $6 ({Correct was} 30... d5 31. Rb3 d4 32. Kf2 ({
After} 32. exd4 exd4 33. b5 Kd5 {only Black can play for a win - the d-pawn is
stronger than White's pair on the queenside.}) 32... Kd5 33. Rb1 Kc4 34. exd4
exd4 $13) 31. Rb3 f4 {This attractive idea has a drawback - white king will be
in time to stop the pawns in the center. It is important that now with the
passed f-pawn White can often sac a pawn on the kingside in order to trade
rooks (the pawn endgame is often winning for White).} (31... Kd5 $142 $13) 32.
exf4 d5 33. Kf2 $16 d4 34. b5 $1 Kf5 (34... Kd5 35. b6 Kc4 (35... Kc5 36. a4
Rxb6 37. Rxb6 Kxb6 38. f5 $18 {See the previous comment}) 36. Rb4+ Kc3 37. Ke2
(37. f5 $2 e3+ 38. Ke2 d3+ 39. Kxe3 d2) 37... e3 (37... d3+ 38. Ke3 d2 39. Rd4
$18) 38. Rb5 d3+ 39. Kxe3 d2 40. Rc5+ $18) 35. b6 Kxf4 36. Rb4 (36. a4 e3+ 37.
Ke2 Ke4 (37... d3+ 38. Kxd3 Kf3 39. a5 e2 40. Kc4+ Kf2 41. Rb1 $18) 38. a5 Rg7
39. b7 d3+ (39... Rg2+ 40. Kf1 Rf2+ 41. Ke1 $18) 40. Rxd3 Rxb7 41. Rxe3+ $16)
36... Ke5 37. a4 d3 $2 (37... Kd5 38. a5 Kc5 39. Rb1 Kc6 40. Ke2 Rb8 41. Kd2
Kb7 42. Rb4 Rd8 $11) 38. Ke3 Kd5 39. a5 Kc6 40. Rb1 Rb8 41. Kxe4 d2 42. Ke3 Rd8
43. Ke2 Kb7 44. Kd1 Ra8 45. Rb5 Ka6 46. Rd5 Rg8 47. h4 Rg2 48. Rd8 h5 49. Rd5
1-0

[Event "American Continental 2nd"]
[Site "Buenos Aires"]
[Date "2003.08.22"]
[Round "5"]
[White "Ramirez Alvarez, Alejandro"]
[Black "Shabalov, Alexander"]
[Result "1-0"]
[WhiteElo "2450"]
[BlackElo "2575"]
[Annotator "Rogozenco,D"]
[PlyCount "83"]
[EventDate "2003.08.17"]
[EventType "swiss"]
[EventRounds "11"]
[EventCountry "ARG"]
[SourceTitle "CBM 097"]
[Source "ChessBase"]
[SourceDate "2003.11.11"]
[SourceVersion "1"]
[SourceVersionDate "2003.11.11"]
[SourceQuality "1"]

1. e4 c5 2. Nf3 Nc6 3. d4 cxd4 4. Nxd4 Nf6 5. Nc3 e5 6. Ndb5 d6 7. Bg5 a6 8.
Na3 b5 9. Bxf6 gxf6 10. Nd5 f5 11. Bd3 Be6 12. O-O Bxd5 13. exd5 Ne7 14. c3 Bg7
15. Qh5 e4 16. Bc2 O-O 17. Rae1 Re8 (17... Qc8 {is the common move, offering
Black equal chances.}) 18. f3 $1 $146 {The right continuation recommended by
Vl.Gurevich gives White the advantage.} (18. Bb3 Ng6 19. f4 exf3 20. Rxe8+ Qxe8
21. Qxf3 f4 $11 {1-0 Gurevich,V-Timoshenko,G/Enakievo 1997 (55)}) (18. g4 Nxd5
19. Bb3 Nf6 20. Qxf5 Re5 21. Qf4 Qe7 $11 {1-0 Garbisu de Goni,U-Valles Moreno,
I/Los Barrios 1995 (47)}) 18... Nxd5 19. fxe4 (19. Bxe4 fxe4 20. Qxd5 Re5 $11)
19... Qb6+ 20. Kh1 Ne3 $2 (20... Nf6 21. Qxf5 Re5 22. Qf4 Rae8 23. Rd1 $14) 21.
Rf3 Nxc2 22. Nxc2 fxe4 23. Qxf7+ Kh8 24. Rg3 $1 ({The recommended by Vl.
Gurevuch} 24. Rh3 {is slightly less precise, but also possible.}) 24... Rg8 25.
Rh3 $16 Qa7 26. Qf5 Be5 27. Qxe4 Qg7 28. Nd4 Rae8 (28... Bxd4 {would leave
Black with more chances to escape.}) 29. Nf5 Qg6 30. Rh6 Qf7 31. Rf1 Rgf8 (
31... Bg7 32. Rxh7+ Kxh7 33. Ne7+ $18) (31... Re6 $142 32. Rf3 Rxh6 33. Nxh6
Qg6 34. Nf7+ Kg7 $16) 32. Qd3 Qc4 $2 33. Qxc4 bxc4 34. g4 $1 {Black missed the
chance to trade the knight on d4, now it is obvious that this knight is very
strong.} Rb8 35. Rf2 Rb6 36. Re6 Rfb8 37. h4 a5 38. a4 h5 $2 {Loses by force,
but Black's position was difficult already.} 39. Rh6+ Kg8 40. Ne7+ Kg7 41. Rg6+
Kh8 42. Rf5 1-0

[Event "WchT 5th"]
[Site "Yerevan"]
[Date "2001.10.16"]
[Round "5.1"]
[White "Ponomariov, Ruslan"]
[Black "Leko, Peter"]
[Result "1/2-1/2"]
[WhiteElo "2684"]
[BlackElo "2739"]
[Annotator "Rogozenco,D"]
[PlyCount "52"]
[EventDate "2001.10.12"]
[EventType "team-tourn"]
[EventRounds "9"]
[EventCountry "ARM"]
[SourceTitle "CBM 086"]
[Source "ChessBase"]
[SourceDate "2002.02.05"]
[SourceVersion "1"]
[SourceVersionDate "2002.02.05"]
[SourceQuality "1"]
[WhiteTeam "Ukraine"]
[BlackTeam "Hungary"]
[WhiteTeamCountry "UKR"]
[BlackTeamCountry "HUN"]

1. e4 c5 2. Nf3 Nc6 3. d4 cxd4 4. Nxd4 Nf6 5. Nc3 e5 6. Ndb5 d6 7. Bg5 a6 8.
Na3 b5 9. Bxf6 gxf6 10. Nd5 f5 11. c3 Bg7 12. exf5 Bxf5 13. Nc2 O-O 14. Nce3
Be6 (14... Bg6 {The move played by Leko succefully last year. In this
encounter the hungarian GM goes for the more principled main line.} 15. h4 Be4
{Thanks to this maneuver 14. ... Bg6 gained back some popularity.} 16. a4 Bxd5
17. Nxd5 b4 18. cxb4 Kh8 19. Rc1 Ne7 20. Bc4 f5 21. Rh3 $1 {and although Black
has some compensation, it is probably not enough and White has better chances,
1/2-1/2 Ponomariov-Rogozenko/Istanbul (ol) 2000/ (56)}) 15. Bd3 f5 16. Qh5 e4
17. Bc2 Ne7 18. Rd1 {Ponomariov's pet line.} b4 $5 {I found this move only in
one game, where Black solved successfully his opening problems.} (18... Ng6 19.
f4 (19. g4 $5) 19... exf3 20. gxf3 Qd7 21. O-O Qf7 22. f4 Rac8 23. Rf3 $1 $36 {
1-0 Ponomariov,R-Eljanov,P/Kharkov RUS 2001 (32)}) (18... Rc8 {[%cal Gc8c5]})
19. O-O {If White's reaction to the advance b5-b4 is short castle, then
Black's position chould be okay.} (19. cxb4 Nxd5 20. Nxd5 Bxb2 21. O-O Be5 22.
Kh1 Kh8 23. f3 Rc8 24. Bb1 Bf7 25. Qh6 exf3 26. gxf3 Bxd5 27. Rxd5 Rc4 $132 {
1/2-1/2 Goloshchapov,A-Volzhin,A/Moscow 1999 (38)}) (19. Nxb4 {Most principled
answer, which needs practical tests. A possible line would be:} a5 (19... d5 $2
20. Bb3) (19... Rb8 $5) 20. Nbd5 Nxd5 21. Nxd5 Rb8 22. Bb3 a4 (22... Qd7 23.
Rd2) 23. Bxa4 Rxb2 24. Bb3 Bxd5 25. Bxd5+ Kh8 26. O-O Bxc3 27. Be6 Rb5 28. Rb1
$1 Rxb1 (28... Re5 $4 29. Rb7 $18) (28... Qb6 $4 29. Bxf5) 29. Rxb1 $14) 19...
bxc3 20. bxc3 Kh8 (20... Rc8 $11) 21. g3 (21. f4 Nxd5 22. Nxd5 Rc8 $132) (21.
f3 $5) 21... Rc8 22. Bb3 Bf7 23. Qe2 Bxd5 24. Nxd5 Nxd5 25. Bxd5 a5 26. c4 Rb8
$11 1/2-1/2

[Event "WchT 5th"]
[Site "Yerevan"]
[Date "2001.10.16"]
[Round "5.4"]
[White "Acs, Peter"]
[Black "Malakhatko, Vadim"]
[Result "1/2-1/2"]
[WhiteElo "2530"]
[BlackElo "2557"]
[Annotator "Rogozenco,D"]
[PlyCount "74"]
[EventDate "2001.10.12"]
[EventType "team-tourn"]
[EventRounds "9"]
[EventCountry "ARM"]
[SourceTitle "CBM 086"]
[Source "ChessBase"]
[SourceDate "2002.02.05"]
[SourceVersion "1"]
[SourceVersionDate "2002.02.05"]
[SourceQuality "1"]
[WhiteTeam "Hungary"]
[BlackTeam "Ukraine"]
[WhiteTeamCountry "HUN"]
[BlackTeamCountry "UKR"]

1. e4 c5 2. Nf3 e6 3. d4 cxd4 4. Nxd4 Nf6 5. Nc3 Nc6 6. Ndb5 d6 7. Bf4 e5 8.
Bg5 a6 9. Na3 b5 10. Bxf6 gxf6 11. Nd5 f5 12. Bd3 Be6 13. O-O Bxd5 14. exd5 Ne7
15. c3 Bg7 16. Qh5 e4 17. Bc2 Qc8 18. Rae1 O-O 19. Bb3 {A solid move, which
defends pawn d5 and prepares Nc2. On the other hand the bishop is more useful
on the diagonal b1-h7, since White's main idea in this system is to play f2-f3
(or f4 and g4).} ({More flexible is} 19. Kh1) 19... Ng6 (19... a5 20. Qg5 (20.
Nxb5 a4 21. Bd1 Qc5 22. Nd4 Qxd5 $11 {1/2-1/2 Nunn,J-McShane,L/Hastings 1998 
(37)}) 20... Ng6 21. Nxb5 a4 22. Bd1 Qc5 23. c4 Qxc4 24. Nxd6 Qxa2 25. Re2 Qxd5
26. Nxf5 $14 {1-0 Bruzon,L-Handke,F/Oropesa del Mar 1999/ (53)}) 20. Nc2 $1 ({
Less logical is to start activity with the knight on a3:} 20. f4 exf3 21. Rxf3
f4 22. Rh3 h6 23. Nc2 Re8 $132 {0-1 Sznapik,A-Krasenkow,M/Slupsk 1992 (33)})
20... Nf4 {The knight goes to d3, which looks active. But the present game
casts doubts on Black's play - knight maneuver (e7-g6-f4-d3) takes too much
time and White can organize an attack against black pawns f5 and e4.} (20...
Re8 21. f4 (21. Ne3 Re5 22. f4 exf3 23. Qxf3 Qc5 24. Kh1 f4 25. Nc2 a5 $13)
21... exf3 22. Qxf3 f4 23. Nb4 Qc5+ 24. Kh1 Re3 25. Rxe3 Qxe3 26. Qd1 $13 {
1-0 Van den Doel,E-De Vreugt,D/Antwerp 1998 (39)}) (20... a5 $6 21. Ne3 $16)
21. Qg5 Nd3 22. Ne3 $5 {An interesting idea to sac the exchange. White will
have good compensation, thanks to many pawn weaknesses in Black's camp.} (22.
Re3 h6 23. Qh5 Nf4 {1/2-1/2 Pavlovic,M-Ramesh,R/Biel SUI 2001}) 22... h6 (22...
Nxe1 $2 23. Nxf5 $18) 23. Qxf5 (23. Qh5 $5 Nxe1 $140 24. Nxf5 $1) 23... Nxe1
24. Rxe1 Re8 (24... Qxf5 $2 25. Nxf5 $16) 25. Qf4 (25. Qxc8 $5 Raxc8 26. Nf5
$36) 25... Re5 26. g4 {A typical move to prevent the advance f7-f5. White has
a domination on the light squares. Black succeeded to escape in this game, but
the general impresion is that White has no risks at all and his play can
eventually be improved.} Qd8 27. Nf5 Qf6 28. Rxe4 Rae8 29. Bc2 a5 30. Rxe5 (30.
h4 $5 h5 $140 31. gxh5) (30. a3 $5) 30... Rxe5 31. Be4 b4 32. f3 (32. cxb4 axb4
33. a4 b3 $1 {[%csl Rb2]}) 32... bxc3 33. bxc3 a4 34. Kf1 a3 {Now Black is out
of danger. The far advanced pawn on a3 gives him good chances for counterplay
in all complications.} 35. Qc1 Rxf5 $1 {forcing the draw} 36. Bxf5 Qxc3 37.
Qxc3 Bxc3 1/2-1/2

[Event "American Continental 2nd"]
[Site "Buenos Aires"]
[Date "2003.08.22"]
[Round "5"]
[White "Zambrana, Oswaldo"]
[Black "Mieles Palau, Daniel"]
[Result "1-0"]
[WhiteElo "2404"]
[BlackElo "2468"]
[Annotator "Rogozenco,D"]
[PlyCount "69"]
[EventDate "2003.08.17"]
[EventType "swiss"]
[EventRounds "11"]
[EventCountry "ARG"]
[SourceTitle "CBM 097"]
[Source "ChessBase"]
[SourceDate "2003.11.11"]
[SourceVersion "1"]
[SourceVersionDate "2003.11.11"]
[SourceQuality "1"]

1. e4 c5 2. Nf3 Nc6 3. d4 cxd4 4. Nxd4 Nf6 5. Nc3 e5 6. Ndb5 d6 7. Bg5 a6 8.
Na3 b5 9. Bxf6 gxf6 10. Nd5 f5 11. Bd3 Be6 12. O-O Bg7 13. Qh5 f4 14. c4 b4 $6
{Old move in old variation. It is rightly considered that Black has
difficulties to get counterplay with it. The problem is that after closing the
position (and handing White absolute control of d5), it is more difficult for
Black to do something about his "bad" bishop on g7, while White keeps
possibilities to play active with a3 or g3.} (14... bxc4 $14) 15. Nc2 Rb8 (
15... a5 {changes little. White has a pleasant choice between 16.b3, 16.g3 or
even the more aggressive 16.c5, with idea 16...dxc5 17.Bb5 with strong
initiative.}) 16. b3 O-O 17. a3 {A well-known plan. Another possibility was to
start increasing control on the kingsde (square f5).} (17. Ne1 $5 {[%csl Rf5]
[%cal Ge1f3,Gf3h4]} Nd4 18. Nf3 Nxf3+ 19. Qxf3 $16 {[%csl Rg7][%cal Ga2a3,
Gc4c5]}) 17... bxa3 18. b4 $1 $16 (18. Rxa3 a5 $14) 18... h6 {Black needs to
waste time for this move if he wants to take on d5.} (18... Qd7 19. Rxa3 h6 20.
Rb1 (20. Rxa6 Bxd5 21. b5 $5 Bxc4 22. Bxc4 $16) 20... Qc8 21. Qd1 Kh8 22. Qd2
f5 23. Rba1 $16 {/+- 1-0 Shamkovich,L-Bletz,H/Gausdal 1982/ (46)}) 19. Rxa3 (
19. Rfb1 $142 $16) 19... Bxd5 20. exd5 Nxb4 21. Nxb4 Rxb4 22. Rxa6 {White is
still clear better because of the difference in bishop's value. As long as
there are heavy pieces on the board, the opposite-coloured bishops don't
increase Black's chances for a draw. However, stronger for White was to keep
the b-pawn (see the previous comment).} Rb6 (22... Qd7 23. Bf5 Qe7 24. c5 $5
dxc5 25. Rxh6 Bxh6 26. Qxh6 f6 27. Be6+ Rf7 28. Ra1 Rb8 29. h4 $16 c4 30. Ra4
c3 31. Rc4 $18) 23. Qf5 Re8 24. Rxb6 Qxb6 25. Rb1 Qa7 26. g3 fxg3 27. hxg3 {
[%csl Gd3,Rg7]} Rb8 28. Rb5 $1 Rxb5 $2 {A very bad move, leading to a position
close to technically lost. Now with a passed pawn in most variations White can
trade queens.} (28... Qc7) (28... Ra8) 29. cxb5 Qd4 (29... Qb7 30. Qg4 {
[%cal Gg4c4,Gc4c6]} (30. Be2 $5)) (29... Qc7 30. Be2 $1 {[%csl Yb5][%cal Ge2h5,
Gf5f7]} Qc1+ (30... e4 $142 31. Qxe4 $16 {/+-}) (30... Kf8 31. Bh5 e4 32. b6
Qb7 33. Bxf7 $1 $18 (33. Qxf7+ Qxf7 34. Bxf7 Bd4 35. b7 Ba7)) 31. Kh2 Qc5 32.
Bh5 Qxd5 33. b6 $18) 30. Qc8+ Bf8 31. Bc2 Qc5 $2 (31... h5 $16) (31... e4 32.
Qf5 Bg7 33. Bxe4 $16) 32. Qc6 $1 $18 (32. Qxc5 $4 dxc5 33. b6 Bd6 34. b7 Kf8
35. Kg2 Ke7 36. Kf3 Kf6 37. Ke4 Ke7 38. Kf5 Bb8 39. Kg4 Kf6 40. Kh5 Kg7 $11)
32... Qb4 33. b6 Qe1+ 34. Kg2 e4 35. Qe8 (35. Qe8 Qb4 36. Qxe4 $18) 1-0